[Event "Challenge"]
[Site "http://www.queenalice.com/game.php?id=475375"]
[Date "2008.10.10"]
[Round "-"]
[White "DomBeto"]
[Black "Arkantos"]
[Result "0-1"]
[WhiteElo "1478"]
[BlackElo "1689"]

1. e4 e5 2. Nf3 Nc6 3. Bb5 Nf6 4. O-O Bc5 5. Re1 a6 6. Ba4 b5 7. Bb3 Bb7 8. c3
Ng4 9. d4 exd4 10. cxd4 Nxd4 11. Nxd4 Qh4 12. Nf3 Qxf2+ 13. Kh1 Qg1+ 14. Nxg1
Nf2# 0-1

[Event "Challenge"]
[Site "http://www.queenalice.com/game.php?id=475378"]
[Date "2008.10.10"]
[Round "-"]
[White "Arkantos"]
[Black "DomBeto"]
[Result "1-0"]
[WhiteElo "1500"]
[BlackElo "1478"]

1. e4 e5 2. d4 exd4 3. c3 dxc3 4. Bc4 cxb2 5. Bxb2 Nf6 6. Nc3 Bb4 7. Ne2 Nxe4 8.
O-O Nxc3 9. Nxc3 Bxc3 10. Bxc3 O-O 11. Qg4 g6 12. Qd4 1-0

[Event "Challenge"]
[Site "http://www.queenalice.com/game.php?id=475379"]
[Date "2008.10.10"]
[Round "-"]
[White "Arkantos"]
[Black "DomBeto"]
[Result "1-0"]
[WhiteElo "1752"]
[BlackElo "1478"]

1. e4 c5 2. Nf3 Nc6 3. d4 cxd4 4. Nxd4 Nf6 5. Nc3 g6 6. Be3 Bg7 7. Bc4 O-O 8.
Bb3 Na5 9. e5 Ne8 10. Bxf7+ Kxf7 11. Ne6 Kxe6 12. Qd5+ Kf5 13. g4+ Kxg4 14. Rg1+
Kh5 15. Qd1+ 1-0

[Event "Challenge"]
[Site "http://www.queenalice.com/game.php?id=475397"]
[Date "2008.10.10"]
[Round "-"]
[White "Arkantos"]
[Black "DomBeto"]
[Result "1-0"]
[WhiteElo "1784"]
[BlackElo "1478"]

1. d4 d5 2. c4 e6 3. Nc3 Bb4 4. Nf3 Nf6 5. a3 Bxc3+ 6. bxc3 O-O 7. e3 Ne4 8. Bd3
Nxc3 9. Qc2 Ne4 10. Bxe4 dxe4 11. Qxe4 Nc6 12. Bb2 Re8 13. O-O f5 14. Qd3 b6 15.
e4 fxe4 16. Qxe4 Bb7 17. Rfe1 Qe7 18. Qg4 Rad8 19. d5 Na5 20. Rac1 Nb3 21. Rc2
Nc5 22. Rce2 Nd3 23. Rxe6 Qf8 24. Rxe8 1-0

[Event "Challenge"]
[Site "http://www.queenalice.com/game.php?id=485811"]
[Date "2008.10.31"]
[Round "-"]
[White "DomBeto"]
[Black "ASB_enxadrista"]
[Result "1-0"]
[WhiteElo "1490"]
[BlackElo "1445"]

1. e4 e5 2. f4 d5 3. exd5 e4 4. d3 Nf6 5. Nd2 exd3 6. Bxd3 Nxd5 7. Qe2+ Be7 8.
Ne4 Nc6 9. Nf3 Bg4 10. c3 O-O 11. h3 Bxf3 12. Qxf3 Bh4+ 13. g3 Be7 14. Bd2 Qd7
15. O-O-O Rad8 16. Bc2 Rfe8 17. Qh5 g6 18. Qh6 f5 19. Ng5 Bf8 20. Qh4 1-0

[Event "AUTO-INT-1087"]
[Site "http://www.queenalice.com/game.php?id=485852"]
[Date "2008.10.31"]
[Round "1"]
[White "DomBeto"]
[Black "Krajnicov"]
[Result "0-1"]
[WhiteElo "1502"]
[BlackElo "1456"]

1. e4 e5 2. f4 exf4 3. Nf3 f6 4. Bc4 Bc5 5. d4 Bb6 6. Bxf4 Qe7 7. O-O Qxe4 8.
Re1 f5 9. Rxe4+ fxe4 10. Ne5 d6 11. Qh5+ g6 0-1

[Event "AUTO-INT-1087"]
[Site "http://www.queenalice.com/game.php?id=485854"]
[Date "2008.10.31"]
[Round "1"]
[White "DomBeto"]
[Black "Adinirso"]
[Result "0-1"]
[WhiteElo "1461"]
[BlackElo "1695"]

1. e4 e5 2. f4 exf4 3. Nf3 Qe7 4. Nc3 Qf6 5. e5 Qf5 6. d4 Bb4 7. Bd3 Bxc3+ 8.
bxc3 Qg4 9. O-O g5 10. Ba3 h6 0-1

[Event "AUTO-INT-1087"]
[Site "http://www.queenalice.com/game.php?id=485855"]
[Date "2008.10.31"]
[Round "1"]
[White "Adinirso"]
[Black "DomBeto"]
[Result "1-0"]
[WhiteElo "1688"]
[BlackElo "1468"]

1. e4 e6 2. Qf3 Nc6 3. Nc3 Nf6 4. h3 Bc5 5. a3 O-O 6. Bc4 Ne5 7. Qe2 Nxc4 8.
Qxc4 Bb6 9. Nf3 d5 10. exd5 exd5 11. Qd3 1-0

[Event "Challenge"]
[Site "http://www.queenalice.com/game.php?id=485865"]
[Date "2008.10.31"]
[Round "-"]
[White "DomBeto"]
[Black "chunyi2012"]
[Result "0-1"]
[WhiteElo "1478"]
[BlackElo "1793"]

1. e4 e5 2. Nc3 Nf6 3. f4 exf4 4. Nf3 Nh5 5. Bc4 g6 6. d4 d6 7. O-O Qe7 8. e5
dxe5 9. Nxe5 Be6 10. Re1 Bg7 11. d5 O-O 12. dxe6 fxe6 13. Qe2 Rf5 0-1

[Event "AUTO-OPEN-1322"]
[Site "http://www.queenalice.com/game.php?id=486199"]
[Date "2008.10.31"]
[Round "1"]
[White "DomBeto"]
[Black "gedanix"]
[Result "0-1"]
[WhiteElo "1514"]
[BlackElo "1920"]

1. e4 e6 2. d4 d5 3. Nc3 Bb4 4. e5 c5 5. a3 Bxc3+ 6. bxc3 Ne7 7. Nf3 Qb6 8. Be3
Qb2 9. Qb1 Qxb1+ 10. Rxb1 b6 11. dxc5 bxc5 12. Bxc5 Ba6 13. Bxa6 Nxa6 14. Bb4
Rb8 15. O-O Rb7 16. Bxe7 Rxe7 17. Nd4 O-O 18. Nc6 Rc7 0-1

[Event "AUTO-OPEN-1322"]
[Site "http://www.queenalice.com/game.php?id=486200"]
[Date "2008.10.31"]
[Round "1"]
[White "gedanix"]
[Black "DomBeto"]
[Result "1-0"]
[WhiteElo "1922"]
[BlackElo "1512"]

1. e4 c5 2. Nf3 Nc6 3. d4 cxd4 4. Nxd4 Nf6 5. Nc3 g6 6. Bc4 Bg7 7. Be3 O-O 8.
Bb3 a6 9. O-O e6 10. Qd2 Qc7 11. h3 b5 12. a3 Bb7 13. Rfe1 Na5 14. Bh6 Rac8 15.
Ba2 Nc4 16. Bxc4 Qxc4 17. Bxg7 Kxg7 18. Nf3 d5 19. Ne5 Qc7 20. exd5 1-0

[Event "AUTO-OPEN-1322"]
[Site "http://www.queenalice.com/game.php?id=486201"]
[Date "2008.10.31"]
[Round "1"]
[White "DomBeto"]
[Black "ASB_enxadrista"]
[Result "1-0"]
[WhiteElo "1504"]
[BlackElo "1345"]

1. e4 c5 2. Nf3 Nc6 3. d4 cxd4 4. Nxd4 Nf6 5. Nc3 d6 6. Bg5 e6 7. f4 Be7 8. Be2
Qb6 9. Nxc6 bxc6 10. Na4 Qb4+ 11. Nc3 1-0

[Event "AUTO-OPEN-1322"]
[Site "http://www.queenalice.com/game.php?id=486202"]
[Date "2008.10.31"]
[Round "1"]
[White "ASB_enxadrista"]
[Black "DomBeto"]
[Result "0-1"]
[WhiteElo "1460"]
[BlackElo "1475"]

1. e4 c5 2. Nf3 d6 3. d4 cxd4 4. Nxd4 Nf6 5. Nc3 g6 6. Be3 Bg7 7. f3 O-O 8. Bd3
Nc6 9. Qd2 a6 10. O-O Qc7 0-1

[Event "AUTO-OPEN-1322"]
[Site "http://www.queenalice.com/game.php?id=486203"]
[Date "2008.10.31"]
[Round "1"]
[White "DomBeto"]
[Black "flopp"]
[Result "0-1"]
[WhiteElo "1510"]
[BlackElo "1808"]

1. e4 e5 2. f4 exf4 3. Nf3 g5 4. Bc4 d6 5. d4 Bg4 6. O-O Bg7 7. c3 Ne7 8. Qb3
Be6 9. Bxe6 fxe6 10. Qxe6 h6 11. e5 dxe5 12. Nxe5 Bxe5 13. Qxe5 O-O 14. Nd2 Nd7
0-1

[Event "AUTO-OPEN-1322"]
[Site "http://www.queenalice.com/game.php?id=486204"]
[Date "2008.10.31"]
[Round "1"]
[White "flopp"]
[Black "DomBeto"]
[Result "1-0"]
[WhiteElo "1812"]
[BlackElo "1506"]

1. e4 c5 2. Nc3 Nc6 3. d3 Nf6 4. g3 a6 5. Bg2 e6 6. Nge2 b6 7. O-O Bb7 8. Be3 d5
9. exd5 exd5 10. Bd2 d4 11. Ne4 Be7 12. Re1 O-O 13. Bf4 h6 14. Bd2 Re8 15. a3
1-0